| 000 | 00352nam a22001457a 4500 | ||
|---|---|---|---|
| 005 | 20251108170637.0 | ||
| 008 | 250721s1952 xx 000 0 eng d | ||
| 082 | 1 | 4 | _af/f |
| 100 | 1 | _afreeman, r.austin | |
| 245 | 1 | 4 | _athe puzzle lock / |
| 264 | 1 |
_alondon : _bpan books ltd, _c1952. |
|
| 650 | 1 | 7 | _aenglish fiction |
| 942 |
_2ddc _cBK |
||
| 999 |
_c45575 _d45575 |
||